000 00771nam a2200229Ii 4500
003 JO-AjNU
008 230605s9999||||xx |||||||||||||| ||und||
017 _a2022/2/579
020 _a978-9923-779-26-2
040 _aJO-AjNU
_bara
_erda
_cJO-AjNU
041 _aara
050 1 4 _aBP73 2022
100 3 _aتاليف السعود، اسمهان يوسف,
_eauthor
_962895
245 0 0 _aالمرأة في الخطاب القرآني
250 _aط1
264 3 1 _aعمان: زاد ناشرون وموزعون، 2022
300 _a194ص
336 _atext
_btxt
_2rdacontent
337 _aunmediated
_bn
_2rdamedia
338 _avolume
_bnc
_2rdacarrier
650 4 _aالنساء-قصص الانبياء-الاحكام الشرعية-القرآن الكريم
_962896
999 _aA28502
_c32070
_d32070